<?xml version='1.0' encoding='UTF-8'?>
  <record xmlns="http://www.loc.gov/MARC21/slim">
    <leader>00000cam a22000007i 4500</leader>
    <controlfield tag="001">ocm68086714</controlfield>
    <controlfield tag="003">OCoLC</controlfield>
    <controlfield tag="005">20250724082119.1</controlfield>
    <controlfield tag="008">980220s1568    sz            000 0 lat d</controlfield>
    <datafield tag="040" ind1=" " ind2=" ">
      <subfield code="a">NLGGC</subfield>
      <subfield code="b">eng</subfield>
      <subfield code="e">rda</subfield>
      <subfield code="e">dcrmr</subfield>
      <subfield code="c">NLGGC</subfield>
      <subfield code="d">OCLCQ</subfield>
      <subfield code="d">OCLCL</subfield>
      <subfield code="d">QGJ</subfield>
      <subfield code="d">OCLCQ</subfield>
      <subfield code="d">OCLCL</subfield>
    </datafield>
    <datafield tag="029" ind1="0" ind2=" ">
      <subfield code="a">NLGGC</subfield>
      <subfield code="b">166713244</subfield>
    </datafield>
    <datafield tag="035" ind1=" " ind2=" ">
      <subfield code="a">(OCoLC)68086714</subfield>
    </datafield>
    <datafield tag="041" ind1="1" ind2=" ">
      <subfield code="a">lat</subfield>
      <subfield code="h">ger</subfield>
    </datafield>
    <datafield tag="082" ind1="0" ind2="4">
      <subfield code="a">540.1</subfield>
      <subfield code="q">OCoLC</subfield>
      <subfield code="1">https://id.oclc.org/worldcat/ddc/E3tpQ4PCfdYWytvkV9v993wBC4</subfield>
    </datafield>
    <datafield tag="100" ind1="0" ind2=" ">
      <subfield code="a">Paracelsus,</subfield>
      <subfield code="d">1493-1541,</subfield>
      <subfield code="e">author.</subfield>
      <subfield code="4">aut</subfield>
    </datafield>
    <datafield tag="240" ind1="1" ind2="0">
      <subfield code="a">Liber vexationum.</subfield>
      <subfield code="l">Latin</subfield>
    </datafield>
    <datafield tag="245" ind1="1" ind2="0">
      <subfield code="a">Pyrophilia vexationumque liber D. Phil. Theophrasti Paracelsi. :</subfield>
      <subfield code="b">cui tres adhuc eiusdem authoris tractatus accesserunt, quorum etiam versa pagella summarium indicabit /</subfield>
      <subfield code="c">per Adamum a Bodenstein ex authoris archetypo Germanico promulgati. ; Postmodum per Gerardum Dorn quanto fidelius debuit, ac ratio materiae patitur in Latinum sermonem versi.</subfield>
    </datafield>
    <datafield tag="264" ind1=" " ind2="1">
      <subfield code="a">Basileae, :</subfield>
      <subfield code="b">per Petrum Pernam.,</subfield>
      <subfield code="c">1568.</subfield>
    </datafield>
    <datafield tag="300" ind1=" " ind2=" ">
      <subfield code="a">[5], 137 pages ;</subfield>
      <subfield code="c">16 cm (8vo)</subfield>
    </datafield>
    <datafield tag="336" ind1=" " ind2=" ">
      <subfield code="a">text</subfield>
      <subfield code="b">txt</subfield>
      <subfield code="2">rdacontent</subfield>
    </datafield>
    <datafield tag="337" ind1=" " ind2=" ">
      <subfield code="a">unmediated</subfield>
      <subfield code="b">n</subfield>
      <subfield code="2">rdamedia</subfield>
    </datafield>
    <datafield tag="338" ind1=" " ind2=" ">
      <subfield code="a">volume</subfield>
      <subfield code="b">nc</subfield>
      <subfield code="2">rdacarrier</subfield>
    </datafield>
    <datafield tag="340" ind1=" " ind2=" ">
      <subfield code="m">8vo</subfield>
      <subfield code="2">rdabf</subfield>
    </datafield>
    <datafield tag="500" ind1=" " ind2=" ">
      <subfield code="a">With separate title page: D. Doctoris Theopharsti Paracelsi Praeparationis ellebori, et in suum arcanum reductionis, ad elementorum quatuor pellendas infectiones breuis declaratio.</subfield>
    </datafield>
    <datafield tag="500" ind1=" " ind2=" ">
      <subfield code="a">Colophon: Basileae, per Petrum Pernam, Anno M. D. LXVIII.</subfield>
    </datafield>
    <datafield tag="500" ind1=" " ind2=" ">
      <subfield code="a">Initials; printed marginalia.</subfield>
    </datafield>
    <datafield tag="500" ind1=" " ind2=" ">
      <subfield code="a">Signatures: a-i⁸; g5v and i8v are blank.</subfield>
    </datafield>
    <datafield tag="505" ind1="8" ind2="0">
      <subfield code="g">Contains also:</subfield>
      <subfield code="t">Medicorum facile principis Aureoli Theoprasti Paracelsi De tribus Substantijs primisq[ue] principijs libellus --</subfield>
      <subfield code="t">Aureoli Theophrasti ab Hohenheim Doctoris vtriusq[ue] medicinae de Contracturis earum origine &amp; curis, duo tractatus --</subfield>
      <subfield code="t">D. Doctoris Theophrasti Paracelsi Praeparationis ellebori, et in suum arcanum reductionis, ad elementorum quatuor pellendas infectiones brevis declaratio.</subfield>
    </datafield>
    <datafield tag="510" ind1="4" ind2=" ">
      <subfield code="a">Verzeichnis der im deutschen Sprachbereich erschienenen Drucke des 16. Jahrhunderts (VD 16),</subfield>
      <subfield code="c">P 597</subfield>
      <subfield code="u">https://gateway-bayern.de/VD16+P+597</subfield>
    </datafield>
    <datafield tag="510" ind1="4" ind2=" ">
      <subfield code="3">Paracelsus, Theophrastus. De tribus substantiis primisque principiis libellus:</subfield>
      <subfield code="a">Verzeichnis der im deutschen Sprachbereich erschienenen Drucke des 16. Jahrhunderts (VD 16),</subfield>
      <subfield code="c">P 673</subfield>
    </datafield>
    <datafield tag="510" ind1="4" ind2=" ">
      <subfield code="3">Paracelsus, Theophrastus. De contracturis earum origine et curis, duo tractatus:</subfield>
      <subfield code="a">Verzeichnis der im deutschen Sprachbereich erschienenen Drucke des 16. Jahrhunderts (VD 16),</subfield>
      <subfield code="c">P 678</subfield>
    </datafield>
    <datafield tag="510" ind1="4" ind2=" ">
      <subfield code="3">Paracelsus,Theophrastus. Praeparationis ellebori, ... brevis declaratio:</subfield>
      <subfield code="a">Verzeichnis der im deutschen Sprachbereich erschienenen Drucke des 16. Jahrhunderts (VD 16),</subfield>
      <subfield code="c">P 438</subfield>
    </datafield>
    <datafield tag="510" ind1="4" ind2=" ">
      <subfield code="a">Sudhoff, K. Bibliographia Paracelsica,</subfield>
      <subfield code="c">101</subfield>
    </datafield>
    <datafield tag="700" ind1="1" ind2=" ">
      <subfield code="a">Perna, Pietro,</subfield>
      <subfield code="d">1519-approximately 1582,</subfield>
      <subfield code="e">printer.</subfield>
      <subfield code="4">prt</subfield>
    </datafield>
    <datafield tag="700" ind1="1" ind2=" ">
      <subfield code="a">Bodenstein, Adam von,</subfield>
      <subfield code="d">1528-1577,</subfield>
      <subfield code="e">editor.</subfield>
      <subfield code="4">edt</subfield>
    </datafield>
    <datafield tag="700" ind1="1" ind2=" ">
      <subfield code="a">Dorn, Gerhard,</subfield>
      <subfield code="d">active 16th century,</subfield>
      <subfield code="e">translator.</subfield>
      <subfield code="4">trl</subfield>
    </datafield>
    <datafield tag="700" ind1="0" ind2="2">
      <subfield code="i">Container of (expression):</subfield>
      <subfield code="a">Paracelsus,</subfield>
      <subfield code="d">1493-1541.</subfield>
      <subfield code="t">Von ersten dreyen principiis.</subfield>
      <subfield code="l">Latin.</subfield>
    </datafield>
    <datafield tag="700" ind1="0" ind2="2">
      <subfield code="i">Container of (expression):</subfield>
      <subfield code="a">Paracelsus,</subfield>
      <subfield code="d">1493-1541.</subfield>
      <subfield code="t">Von läme samt gründtlicher gewisser jrer cur.</subfield>
      <subfield code="l">Latin.</subfield>
    </datafield>
    <datafield tag="700" ind1="1" ind2="2">
      <subfield code="i">Container of (expression):</subfield>
      <subfield code="a">Paracelsus,</subfield>
      <subfield code="d">1493-1541.</subfield>
      <subfield code="t">Declaration zubereyten Hellebori.</subfield>
      <subfield code="l">Latin.</subfield>
    </datafield>
    <datafield tag="740" ind1="0" ind2=" ">
      <subfield code="a">De contracturis earum origine &amp; curis, duo tractatus</subfield>
    </datafield>
    <datafield tag="740" ind1="0" ind2=" ">
      <subfield code="a">Praeparationis ellebori, et in suum arcanum reductionis, ad elementorum quatuor pellendas infectiones brevis declaratio</subfield>
    </datafield>
    <datafield tag="752" ind1=" " ind2=" ">
      <subfield code="a">Switzerland</subfield>
      <subfield code="d">Basel,</subfield>
      <subfield code="e">publication place.</subfield>
      <subfield code="4">pup</subfield>
    </datafield>
    <datafield tag="758" ind1=" " ind2=" ">
      <subfield code="a">Pyrophilia vexationumque liber. D. Phil. Theophrasti Paracelsi. Cui tres adhuc eiusdem authoris tractatus accesserunt ... Per doctorem Adamum a Bodenstein ex authoris archetypo Germanico promulgati. Postmodum per Gerardum Dorn ... in Latinum sermonem versi (Text)</subfield>
      <subfield code="1">https://id.oclc.org/worldcat/entity/E39PCXGKyFh8RmtRvhvd3tJtw3</subfield>
      <subfield code="4">https://id.oclc.org/worldcat/ontology/hasWork</subfield>
    </datafield>
    <datafield tag="936" ind1=" " ind2=" ">
      <subfield code="a">BATCHLOAD</subfield>
    </datafield>
  </record>